书目信息 |
| 题名: |
报头图案
|
|
| 作者: | 陆星辰 编绘 | |
| 分册: | ||
| 出版信息: | 北京 人民美术出版社 1979 |
|
| 页数: | 61页 | |
| 开本: | 19cm | |
| 丛书名: | ||
| 单 册: | ||
| 中图分类: | J228.1 | |
| 科图分类: | ||
| 主题词: | 报刊-图案--中国--现代 , 图案-报刊--中国--现代 , 绘画--中国 | |
| 电子资源: | ||
| ISBN: | ||
| 000 | 00638nam0 2200253 45 | |
| 001 | 0179007414 | |
| 005 | 20040518144617.4 | |
| 010 | @dCNY0.22 | |
| 091 | @a8027.7064 | |
| 100 | @a19950724d1979 em y0chiy0121 ea | |
| 101 | 0 | @achi |
| 102 | @aCN@b110000 | |
| 105 | @aa z 000yy | |
| 106 | @ar | |
| 200 | 10 | @a报头图案@Abao tou tu an@f陆星辰编绘 |
| 210 | @a北京@c人民美术出版社@d1979 | |
| 215 | @a61页@d19cm | |
| 606 | @a报刊-图案@y中国@z现代 | |
| 606 | @a图案-报刊@y中国@z现代 | |
| 606 | 0 | @a绘画@x中国 |
| 690 | @aJ228.1 | |
| 701 | 0 | @a陆星辰@Alu xing chen@4编绘 |
| 801 | 0 | @aCN@bNLC@c20040518 |
| 905 | @f1@b15046@dJ228.1@e26 | |
| 报头图案/陆星辰编绘.-北京:人民美术出版社,1979 |
| 61页;19cm |
| ISBN :CNY0.22 |
| ● |
| 相关链接 |
|
|
|
|
正题名:报头图案
索取号:J228.1/26
 
预约/预借
| 序号 | 登录号 | 条形码 | 馆藏地/架位号 | 状态 | 备注 |
| 1 | 0015046 | 001651732 | 第一样本阅览室/ [索取号:J228.1/26] | 在馆 | |
| 2 | 0090130 | 202319749 | 第一借阅区/ [索取号:J228.1/26] | 在馆 | |
| 3 | 0090131 | 000794313 | 密集书库/ [索取号:J228.1/26] | 在馆 |